000
00323nam a22001337a 4500
008
250320b |||||||| |||| 00| 0 eng d
020
_a
0710806477
050
_a
PS3509
_b
.E45
100
_a
ELIOT T.S.
245
_a
Harvester New Readings
260
_a
Sussex
_b
The Harvester Press
_c
1987
300
_a
ix, 182p.
942
_c
BK
999
_c
2543
_d
2543